[Event "Hoogovens"]
[Site "Wijk aan Zee"]
[Date "1987.??.??"]
[Round "?"]
[White "Olafsson, Helgi"]
[Black "Andersson, Ulf"]
[Result "1/2-1/2"]
[WhiteElo "2550"]
[BlackElo "2600"]

1.d4 Nf6 2.Nf3 e6 3.c4 d5 4.Nc3 Nbd7 5.Bg5 h6 6.Bh4 Be7 7.e3 Ne4 8.Bxe7 Qxe7
9.Qc2 Nxc3 10.Qxc3 c6 11.Be2 O-O 12.cxd5 exd5  1/2-1/2

[Event "Hoogovens"]
[Site "Wijk aan Zee"]
[Date "1987.??.??"]
[Round "?"]
[White "Nogueiras, Jesus"]
[Black "Flear, Glenn C"]
[Result "1/2-1/2"]
[WhiteElo "2565"]
[BlackElo "2495"]

1.d4 Nf6 2.c4 e6 3.Nf3 d5 4.g3 dxc4 5.Qa4+ Nbd7 6.Bg2 a6 7.Nc3 Rb8 8.Qxc4 b5
9.Qd3 Bb7 10.O-O c5 11.Bf4 Rc8 12.dxc5 Bxc5 13.Rad1 O-O 14.Ne5 Bxg2 15.Kxg2 Nxe5
16.Bxe5 Be7 17.Qf3 Qb6 18.Rd2 Rfd8 19.Rxd8+ Rxd8 20.Rc1 h6 21.e3 Nd7 22.Bd4 Bc5
23.Rd1  1/2-1/2

[Event "Hoogovens"]
[Site "Wijk aan Zee"]
[Date "1987.??.??"]
[Round "?"]
[White "Hulak, Krunoslav"]
[Black "Sosonko, Gennadi"]
[Result "1/2-1/2"]
[WhiteElo "2540"]
[BlackElo "2530"]

1.Nf3 d5 2.d4 Nf6 3.Bg5 Ne4 4.Bf4 c5 5.dxc5 Nc6 6.e3 f6 7.c4 e5 8.Bg3 Be6
9.cxd5 Qxd5 10.Qxd5 Bxd5 11.a3 Bxc5 12.Nbd2 Nxd2  1/2-1/2

[Event "Hoogovens"]
[Site "Wijk aan Zee"]
[Date "1987.??.??"]
[Round "?"]
[White "Zapata, Alonso"]
[Black "Sosonko, Gennadi"]
[Result "1-0"]
[WhiteElo "2505"]
[BlackElo "2530"]

1.e4 c5 2.Nf3 d6 3.d4 cxd4 4.Nxd4 Nf6 5.Nc3 Nc6 6.Be3 g6 7.f3 Bg7 8.Qd2 O-O
9.g4 Be6 10.O-O-O Ne5 11.Kb1 Bc4 12.Bd3 d5 13.g5 Nh5 14.f4 Bxd3 15.cxd3 Nc6
16.e5 Nxd4 17.Bxd4 Qd7 18.Rde1 a6 19.Rhf1 e6 20.Ne2 Rfc8 21.Ng3 Qa4 22.Qf2 Rc7
23.Nxh5 gxh5 24.Rc1 Rac8 25.Rxc7 Rxc7 26.b3 Qb5 27.Qe2 Bf8 28.Bb2 d4 29.Qe4 Qc6
30.Qxc6 bxc6 31.Rc1 Kg7 32.Rc4 Kg6 33.Bxd4 Kf5 34.h3 Rc8 35.Be3 h6 36.Kc2 hxg5
37.fxg5 Kxe5 38.Rf4 Rc7 39.Rh4 Kf5 40.Rxh5 Bg7 41.Rh4 Rc8 42.Ra4 Ra8 43.Kd2 e5
44.Ke2 f6 45.h4 fxg5 46.Bxg5 Ke6 47.Ke3 Bf8 48.Ke4 Bd6 49.Rc4 c5 50.Ra4 a5
51.Bd2 Rh8 52.Kf3 Rf8+ 53.Ke2 Rg8 54.Bxa5 Rg3 55.Be1 Rh3 56.Rc4 Kd5 57.Bf2 Rh1
58.Ra4 Be7 59.Ra6 Rh2 60.Rh6 Rh1 61.Rh7 Ke6 62.h5 Rh2 63.Kf3 Rh3+ 64.Ke4 Rh2
65.Rh6+ Bf6 66.Bxc5 Rh4+ 67.Kf3 Rh3+ 68.Ke2 Rh2+ 69.Bf2 Kf7 70.Kf3 Rh3+ 71.Ke4 Rh2
72.Bg3 Rxa2 73.Kf5 Bg7 74.Rb6  1-0